000 00267nam a22001217a 4500
020 _a0-72141547-4
082 _a823
_bBRA/U
100 _aBRADBURY, LYNNE
245 _aTHE UGLY DUCKLING
260 _aLONDON
_bLADYBIRD
650 _aENGLISH SHORT STORY
_zUK
942 _cBK
999 _c3979
_d3979